000 00346 a2200109 4500
020 _a8120412486
082 _a690.11 KON
100 _aKonovalov, P. A.
245 _aBases and Foundations of Buildings Under Reconstruction /
_cP. A. Konovalov
260 _aNew Delhi :
_bOxford and IBH Publishing,
_c1998
300 _a233p. :
_bill. ;
_c23 cm
650 _aBuildings -- Foundations
999 _c2236
_d2236